Open Data Biblioteca Nacional de Portugal


República Portuguesa: Ministério da Cultura
Biblioteca Nacional de Portugal

Catálogo da BNP: acesso por Identificadores Unívocos
Registos Bibliográficos associados ao registo de autoridade

Etiqueta de registo: 00000nam 2200025 450
001 2284204
003 http://id.bnportugal.gov.pt/bib/catbnp/2284204
100 ## $a20260413d2025 k y0pory01030103ba
101 0# $aeng$dpor
102 ## $aPT
105 ## $aa m 000yy
106 ## $ar
200 1# $aGenomics of nontuberculous mycobacteria (NTM)$edevelopment of a laboratory tool for rapid and precise diagnosis and surveillance of NTM infections$fSofia Coutinho Carvalho Baptista Carneiro$gorient. Ana Rita Frazão Macedo, João Paulo dos Santos Gomes, Luís Jaime Gomes Ferreira da Silva Mota
210 #9 $aLisboa$c[s.n.],$d2025
215 ## $aXXX, 188 p.$cil.$d30 cm
328 #1 $aTese dout. Biology, Nova School of Science & Technology, Universidade Nova de Lisboa, 2025
700 #1 $aCarneiro,$bSofia Coutinho Carvalho Baptista$31995481
702 #1 $aMacedo,$bAna Rita Frazão,$f1981-$4727$31402761
702 #1 $aGomes,$bJoão Paulo dos Santos,$f1971-$4727$31310027
702 #1 $aMota,$bLuís Jaime$4727$31010515
801 #0 $aPT$bBN$gRPC
966 ## $lBN$mFGMON$x1
971 ## $corlando$d20260413

OpendataBNP@bnportugal.pt | Mais informação sobre acesso aos dados BNP